مكتبة جامعة عجلون الوطنية

فهرس بحث المكتبة

Normal view MARC view
  • التربية-التعلم-العصر الحديث

Entry Topical Term

Number of records used in: 1

001 - CONTROL NUMBER

  • control field: 42574

003 - CONTROL NUMBER IDENTIFIER

  • control field: JO-AjAnu

005 - DATE AND TIME OF LATEST TRANSACTION

  • control field: 20230606081049.0

008 - FIXED-LENGTH DATA ELEMENTS

  • fixed length control field: 230606|| aca||aabn | a|a d

040 ## - CATALOGING SOURCE

  • Original cataloging agency: JO-AjAnu
  • Transcribing agency: JO-AjAnu

150 ## - HEADING--TOPICAL TERM

  • Topical term or geographic name entry element: التربية-التعلم-العصر الحديث

670 ## - SOURCE DATA FOUND

  • Source citation: Work cat.: (JO-AjAnu)21807: العجمي، محمد حسنين مؤلف/الشخيبي،علي السيد م.مشارك/عبد الرحمن،أماني أحمد م.مشارك/الشر،سعدية يوسف م.مشارك, author 42573, في إجتماعيات التربية المعاصرة